|
|
|
|
| LEADER |
00000nam0a2200000 4500 |
| 001 |
365011 |
| 005 |
20231102011738.0 |
| 035 |
|
|
|a (RuTPU)RU\TPU\retro\22374
|
| 090 |
|
|
|a 365011
|
| 100 |
|
|
|a 20211208d1981 km y0rusy50 ca
|
| 101 |
0 |
|
|a rus
|
| 102 |
|
|
|a RU
|
| 105 |
|
|
|a a z 001zy
|
| 200 |
1 |
|
|a Гетероциклические соединения
|e с дополнительными главали и примечаниями доктора химических наук Л. И. Беленького
|f С. С. Наметкин
|g Академия наук СССР, Институт нефтехимического синтеза им. А. В. Топчиева ; Л. И. Беленький
|
| 210 |
|
|
|a Москва
|c Наука
|d 1981
|
| 215 |
|
|
|a 356 с.
|c ил.
|
| 320 |
|
|
|a Предм. указ.: с. 348-354
|
| 606 |
1 |
|
|a Гетероциклические соединения
|x Химия
|2 stltpush
|3 (RuTPU)RU\TPU\subj\6386
|9 34281
|
| 610 |
1 |
|
|a гетероциклические системы
|
| 610 |
1 |
|
|a гетероатомы
|
| 610 |
1 |
|
|a группы
|
| 610 |
1 |
|
|a конденсированные системы
|
| 610 |
1 |
|
|a многоядерные соединения
|
| 610 |
1 |
|
|a свойства
|
| 610 |
1 |
|
|a получение
|
| 610 |
1 |
|
|a методы
|
| 675 |
|
|
|a 547.7
|v 4
|
| 700 |
|
1 |
|a Наметкин
|b С. С.
|c российский химик-органик
|c академик АН СССР
|f 1876-1950
|g Сергей Семенович
|2 stltpush
|3 (RuTPU)RU\TPU\pers\9867
|9 2067
|
| 702 |
|
1 |
|a Беленький
|b Л. И.
|4 770
|
| 712 |
0 |
2 |
|a Академия наук СССР
|b Институт нефтехимического синтеза им. А. В. Топчиева
|c (Москва)
|c (1958-1991)
|2 stltpush
|3 (RuTPU)RU\TPU\col\12241
|9 25358
|
| 801 |
|
1 |
|a RU
|b 63413507
|c 20211208
|
| 801 |
|
2 |
|a RU
|b 63413507
|c 20211208
|g RCR
|
| 942 |
|
|
|c BK
|